Normal view MARC view

Entry Personal Name

Number of records used in: 2

001 - CONTROL NUMBER

  • control field: 48755

003 - CONTROL NUMBER IDENTIFIER

  • control field: dpl

005 - DATE AND TIME OF LATEST TRANSACTION

  • control field: 20120608154427.0

008 - FIXED-LENGTH DATA ELEMENTS

  • fixed length control field: 120608|||a|||||| | ||| d

040 ## - CATALOGING SOURCE

  • Original cataloging agency: dpl
  • Transcribing agency: dpl

100 ## - HEADING--PERSONAL NAME

  • Personal name: Goyal, R. C

670 ## - SOURCE DATA FOUND

  • Source citation: Work cat.: (dpl): Goyal, R. C, Hand book of hospital personnel management / , 1998

670 ## - SOURCE DATA FOUND

  • Source citation: Work cat.: (dpl): Goyal, R. C, Hand book of hospital personnel management / , 1998

© Delhi Public Library
Hit Counter
free hit counter